LDR 01177naa#a2200169#i#450# 001 RU\\bibl\120802 005 20260418065551.6 011 ## _a2409-1073 100 ## _a20240620b2024####ek#y0rusy0150####ca 102 ## _aRU 200 1# _aПолисемические «гнезда», возникающие при переводе «ложных друзей переводчика» с английского языка на русский _eЖурнальная статья 210 1# _aМосква _cФедеральное государственное автономное образовательное учреждение высшего образования Национальный исследовательский университет "Московский институт электронной техники" _d2024 215 ## _a0 с. 608 ## _aЖурнальная статья _2local 675 ## _aВысшее образование. Высшая школа. Подготовка научных кадров. 378 _aЛингвистика. Языкознание. Языки. 81 _z 700 #1 _aСтепаненкова _gАнна Витальевна 856 4# _aesgi-journal.ru _u